[Event "15. Torneo Navalmoral de la Mata"]
[Site "Navalmoral de la Mata ESP"]
[Date "2009.12.08"]
[Round "8.1"]
[White "Korneev, Oleg"]
[Black "Fedorchuk, Sergey A"]
[Result "0-1"]
[WhiteElo "2571"]
[BlackElo "2619"]
[PlyCount "42"]
[EventDate "2009.12.04"]
[EventType "swiss"]
[EventRounds "9"]
[EventCountry "ESP"]
[Source "lmi"]
[SourceDate "2009.12.04"]

1. e4 e5 2. Nf3 Nc6 3. Bb5 a6 4. Ba4 Nf6 5. O-O b5 6. Bb3 Bc5 7. a4 Rb8 8. c3
d6 9. d4 Bb6 10. Na3 O-O 11. axb5 axb5 12. Nxb5 Bg4 13. d5 Ne7 14. Bc2 Re8 15.
c4 Nxe4 16. Bxe4 f5 17. Bd3 e4 18. Be2 exf3 19. Bxf3 Ng6 20. b3 Nh4 21. Bxg4
fxg4 0-1

[Event "15. Torneo Navalmoral de la Mata"]
[Site "Navalmoral de la Mata ESP"]
[Date "2009.12.08"]
[Round "8.2"]
[White "Shchekachev, Andrei"]
[Black "Vila Gazquez, Xavier"]
[Result "1-0"]
[WhiteElo "2528"]
[BlackElo "2452"]
[PlyCount "81"]
[EventDate "2009.12.04"]
[EventType "swiss"]
[EventRounds "9"]
[EventCountry "ESP"]
[Source "lmi"]
[SourceDate "2009.12.04"]

1. Nf3 Nf6 2. c4 g6 3. Nc3 d5 4. cxd5 Nxd5 5. Qa4+ Bd7 6. Qc2 Nb6 7. d4 Bg7 8.
e4 O-O 9. Be3 Nc6 10. d5 Ne5 11. Nxe5 Bxe5 12. Rd1 Qe8 13. Bh6 Bg7 14. Bxg7
Kxg7 15. Be2 c6 16. a4 Rd8 17. O-O Na8 18. Qb3 b6 19. dxc6 Bxc6 20. Nb5 Bxe4
21. Nxa7 Rxd1 22. Rxd1 Qb8 23. Qc3+ Kg8 24. Rd7 e6 25. g3 Rd8 26. Nc6 Bxc6 27.
Rxd8+ Qxd8 28. Qxc6 Qb8 29. b4 Nc7 30. a5 Nd5 31. a6 Nxb4 32. Qa4 Nxa6 33. Qxa6
h5 34. h4 Qd6 35. Qb5 Qd4 36. Qd3 Qe5 37. Kg2 Qc5 38. Qc4 Qd6 39. Bf3 Kg7 40.
Qc3+ Kg8 41. Qc6 1-0

[Event "15. Torneo Navalmoral de la Mata"]
[Site "Navalmoral de la Mata ESP"]
[Date "2009.12.08"]
[Round "8.3"]
[White "Guliyev, Namig"]
[Black "Perez Candelario, Manuel"]
[Result "1-0"]
[WhiteElo "2514"]
[BlackElo "2521"]
[PlyCount "159"]
[EventDate "2009.12.04"]
[EventType "swiss"]
[EventRounds "9"]
[EventCountry "ESP"]
[Source "lmi"]
[SourceDate "2009.12.04"]

1. d4 d5 2. Nf3 Nf6 3. c4 e6 4. Nc3 c6 5. e3 Nbd7 6. Qc2 Bd6 7. Bd3 O-O 8. O-O
dxc4 9. Bxc4 b5 10. Be2 Bb7 11. Rd1 Qc7 12. Bd2 a6 13. Rac1 Rac8 14. b4 Rfe8
15. Bd3 e5 16. Ne4 exd4 17. Nxd6 Qxd6 18. exd4 Nf8 19. a3 h6 20. Re1 Ne6 21.
Be3 Rcd8 22. Qd2 Qf8 23. Bb1 Rd6 24. Qc2 Red8 25. Rcd1 g5 26. Ba2 Qg7 27. Ne5
Nd5 28. Bc1 Nec7 29. Nd3 Bc8 30. Nc5 Rf6 31. Re5 Qg6 32. Qb2 Kf8 33. Bb1 Qg7
34. Ne4 Re6 35. Qc2 Ne7 36. Bb2 Ncd5 37. Re1 Re8 38. Qc5 Rd8 39. Ng3 Kg8 40.
Nh5 Qf8 41. Qc2 Rg6 42. Qe2 Re6 43. Qd3 Rg6 44. Qe2 Re6 45. h4 Rdd6 46. hxg5
hxg5 47. Rxg5+ Ng6 48. Re5 Nxe5 49. dxe5 Rd8 50. Qg4+ Rg6 51. Qh4 Qe7 52. Qxe7
Nxe7 53. Bxg6 Nxg6 54. Nf6+ Kf8 55. Ne4 Be6 56. Bc1 Rd4 57. Nc5 Nh4 58. f3 Rc4
59. Bh6+ Ke8 60. Bg5 Nf5 61. Rd1 Bd5 62. Rc1 Nd4 63. Kf2 Ne6 64. Rxc4 bxc4 65.
Nxe6 Bxe6 66. Ke3 Kd7 67. Bh4 Bf5 68. g4 Bc2 69. Kd2 Bd3 70. f4 Ke6 71. Be1 Kd5
72. Ke3 Bc2 73. Bc3 Bd1 74. f5 Bxg4 75. Kf4 Bd1 76. Kg5 c5 77. e6 fxe6 78. f6
Kd6 79. Kh6 e5 80. f7 1-0

[Event "15. Torneo Navalmoral de la Mata"]
[Site "Navalmoral de la Mata ESP"]
[Date "2009.12.08"]
[Round "8.4"]
[White "Burmakin, Vladimir"]
[Black "Georgiev, Vladimir"]
[Result "1/2-1/2"]
[WhiteElo "2602"]
[BlackElo "2582"]
[PlyCount "65"]
[EventDate "2009.12.04"]
[EventType "swiss"]
[EventRounds "9"]
[EventCountry "ESP"]
[Source "lmi"]
[SourceDate "2009.12.04"]

1. d4 Nf6 2. Nf3 d5 3. c4 e6 4. e3 a6 5. cxd5 exd5 6. Bd3 Bd6 7. Nbd2 O-O 8.
O-O Qe7 9. b3 b6 10. Bb2 Nbd7 11. Rc1 Bb7 12. Bf5 g6 13. Bh3 Nh5 14. Bxd7 Qxd7
15. Ne5 Qe8 16. Qc2 c5 17. Nd3 Rc8 18. dxc5 bxc5 19. Qc3 f6 20. Ba3 d4 21. Qc4+
Kh8 22. Rfe1 Qd8 23. Nf1 Bd5 24. Qa4 Bc6 25. Qxa6 Bxg2 26. Kxg2 Ra8 27. Qc6
Rxa3 28. exd4 cxd4 29. Re4 Bb8 30. Qc5 Bd6 31. Qc6 Bb8 32. Qc5 Bd6 33. Qc6
1/2-1/2

[Event "15. Torneo Navalmoral de la Mata"]
[Site "Navalmoral de la Mata ESP"]
[Date "2009.12.08"]
[Round "8.5"]
[White "Khamrakulov, Ibragim S"]
[Black "Rusev, Krasimir"]
[Result "0-1"]
[WhiteElo "2501"]
[BlackElo "2537"]
[PlyCount "31"]
[EventDate "2009.12.04"]
[EventType "swiss"]
[EventRounds "9"]
[EventCountry "ESP"]
[Source "lmi"]
[SourceDate "2009.12.04"]

1. e4 c5 2. Nf3 d6 3. Bc4 Nf6 4. d3 Nc6 5. O-O Bg4 6. c3 a6 7. Bb3 e6 8. Nbd2
d5 9. h3 Bh5 10. Re1 Qc7 11. e5 Nd7 12. g4 Bg6 13. Nf1 h5 14. g5 h4 15. Bf4 Rh5
16. Qd2 0-1

[Event "15. Torneo Navalmoral de la Mata"]
[Site "Navalmoral de la Mata ESP"]
[Date "2009.12.08"]
[Round "8.6"]
[White "Alonso Rosell, Alvar"]
[Black "Bhat, Vinay S"]
[Result "0-1"]
[WhiteElo "2507"]
[BlackElo "2510"]
[PlyCount "130"]
[EventDate "2009.12.04"]
[EventType "swiss"]
[EventRounds "9"]
[EventCountry "ESP"]
[Source "lmi"]
[SourceDate "2009.12.04"]

1. d4 d5 2. c4 c6 3. Nf3 Nf6 4. Nc3 dxc4 5. a4 Bf5 6. Ne5 Nbd7 7. Nxc4 Qc7 8.
g3 e5 9. dxe5 Nxe5 10. Bf4 Nfd7 11. Bg2 f6 12. O-O O-O-O 13. Nxe5 Nxe5 14. Qb3
Qf7 15. Qxf7 Nxf7 16. Rfc1 Ne5 17. Be3 Kb8 18. Ne4 Be6 19. Nc5 Bf7 20. b4 Nc4
21. Bf4+ Ka8 22. Na6 Bd6 23. b5 cxb5 24. axb5 Bxf4 25. gxf4 Rc8 26. Rc3 Rhd8
27. h4 f5 28. Nb4 Kb8 29. Rc2 Nd6 30. Rb2 Nxb5 31. Ra5 Bc4 32. Rc2 a6 33. Nc6+
bxc6 34. Rxc4 Kb7 35. Ra1 Rd4 36. Rxd4 Nxd4 37. e3 Nb5 38. Bh3 Rf8 39. Rd1 Rf7
40. Bf1 Kb6 41. Bc4 Ra7 42. Be6 g6 43. h5 Re7 44. Bb3 gxh5 45. Rd8 a5 46. Rf8
Nd6 47. Kg2 Kc5 48. Kf3 Ra7 49. Ba4 h4 50. Kg2 Rc7 51. Bc2 Kb4 52. Rd8 Ne4 53.
f3 Nc3 54. e4 a4 55. Rb8+ Nb5 56. e5 a3 57. Bb1 Kc3 58. Ba2 Kb2 59. Bc4 a2 60.
Bxa2 Kxa2 61. Kh3 Nd4 62. Kxh4 c5 63. Rd8 Kb3 64. Kh5 Ne6 65. Rd6 Re7 0-1

[Event "15. Torneo Navalmoral de la Mata"]
[Site "Navalmoral de la Mata ESP"]
[Date "2009.12.08"]
[Round "8.7"]
[White "Berbatov, Kiprian"]
[Black "Del Rio De Angelis, Salvador G"]
[Result "1-0"]
[WhiteElo "2463"]
[BlackElo "2544"]
[PlyCount "83"]
[EventDate "2009.12.04"]
[EventType "swiss"]
[EventRounds "9"]
[EventCountry "ESP"]
[Source "lmi"]
[SourceDate "2009.12.04"]

1. e4 e6 2. d4 d5 3. e5 c5 4. c3 Nc6 5. Nf3 Bd7 6. Be2 Nge7 7. Na3 cxd4 8. cxd4
Nf5 9. Nc2 Qb6 10. O-O Rc8 11. Bd3 Nb4 12. Nxb4 Bxb4 13. Bxf5 exf5 14. a4 O-O
15. Bf4 h6 16. h4 Be7 17. b3 Qg6 18. g3 Qg4 19. Kg2 Rc3 20. Rh1 Qh5 21. Rc1
Rfc8 22. Rxc3 Rxc3 23. Re1 Bd8 24. Bd2 Rd3 25. Re3 Rxd4 26. Qc2 Re4 27. Rd3 d4
28. Rxd4 Rxd4 29. Nxd4 Bb6 30. Bc3 f4 31. Qe4 fxg3 32. Kxg3 Bc7 33. Nf3 Bc6 34.
Qg4 Bxf3 35. Kxf3 Qxg4+ 36. Kxg4 g6 37. h5 Kf8 38. f4 f5+ 39. exf6 Kf7 40.
hxg6+ Kxg6 41. f5+ Kf7 42. Bd2 1-0

[Event "15. Torneo Navalmoral de la Mata"]
[Site "Navalmoral de la Mata ESP"]
[Date "2009.12.08"]
[Round "8.8"]
[White "Suba, Mihai"]
[Black "Figuero Toro, Julian Francisco"]
[Result "1-0"]
[WhiteElo "2471"]
[BlackElo "2222"]
[PlyCount "70"]
[EventDate "2009.12.04"]
[EventType "swiss"]
[EventRounds "9"]
[EventCountry "ESP"]
[Source "lmi"]
[SourceDate "2009.12.04"]

1. Nf3 g6 2. d4 Nf6 3. c4 Bg7 4. Nc3 O-O 5. e4 d6 6. Be2 e5 7. O-O Nc6 8. d5
Ne7 9. b4 Ne8 10. a4 f5 11. a5 Nf6 12. Ra3 h6 13. Nd2 g5 14. exf5 Bxf5 15. Re1
a6 16. Nf1 Qe8 17. Ng3 Bg6 18. Bd3 Bf7 19. Nce4 Nh5 20. Nxh5 Bxh5 21. Qd2 Nf5
22. Bb1 Bg6 23. Bb2 Nh4 24. c5 Rd8 25. cxd6 cxd6 26. Bc1 Qf7 27. Qa2 Rc8 28.
Rg3 Rc4 29. Qxc4 Bxe4 30. Be3 Bxd5 31. Qc2 e4 32. Rd1 Kh8 33. Qd2 Bb3 34. Rc1
Be5 35. Bxe4 Bxg3 1-0

[Event "15. Torneo Navalmoral de la Mata"]
[Site "Navalmoral de la Mata ESP"]
[Date "2009.12.08"]
[Round "8.9"]
[White "Martinez Lopez, Ivan"]
[Black "Komljenovic, Davorin"]
[Result "1/2-1/2"]
[WhiteElo "2242"]
[BlackElo "2440"]
[PlyCount "87"]
[EventDate "2009.12.04"]
[EventType "swiss"]
[EventRounds "9"]
[EventCountry "ESP"]
[Source "lmi"]
[SourceDate "2009.12.04"]

1. c4 e5 2. g3 c5 3. Bg2 g6 4. Nc3 Bg7 5. e4 Nc6 6. a3 Nge7 7. Nge2 O-O 8. O-O
d6 9. d3 Be6 10. Rb1 Qd7 11. b4 b6 12. b5 Nd4 13. Nxd4 cxd4 14. Nd5 Nxd5 15.
cxd5 Bh3 16. Bd2 Bxg2 17. Kxg2 f5 18. f3 h5 19. h3 Rf7 20. a4 Rc8 21. Rc1 Kh7
22. Rc6 Bh6 23. Qc1 Bxd2 24. Qxd2 Qd8 25. Qc1 fxe4 26. dxe4 g5 27. g4 Kg6 28.
Qa3 Rd7 29. Qb4 Qf6 30. Rf2 hxg4 31. hxg4 Rh8 32. Kg1 Kg7 33. Qd2 Rh3 34. Kg2
Rh6 35. Qc1 Rf7 36. Rc7 Rh7 37. Rxf7+ Kxf7 38. Qc8 Kg6 39. Rc2 Rf7 40. Qg8+ Rg7
41. Qe8+ Rf7 42. Qg8+ Rg7 43. Qe8+ Rf7 44. Qg8+ 1/2-1/2

[Event "15. Torneo Navalmoral de la Mata"]
[Site "Navalmoral de la Mata ESP"]
[Date "2009.12.08"]
[Round "8.10"]
[White "Alcaraz Ortega, Javier"]
[Black "Ivanov, Jordan"]
[Result "1/2-1/2"]
[WhiteElo "2241"]
[BlackElo "2420"]
[PlyCount "87"]
[EventDate "2009.12.04"]
[EventType "swiss"]
[EventRounds "9"]
[EventCountry "ESP"]
[Source "lmi"]
[SourceDate "2009.12.04"]

1. Nf3 d5 2. c4 dxc4 3. Qa4+ Nc6 4. Qxc4 e5 5. g3 a6 6. Bg2 Be6 7. Qa4 f6 8.
Nc3 Qd7 9. d3 Nge7 10. Bd2 Nd5 11. Rc1 O-O-O 12. a3 Nb6 13. Qc2 Qf7 14. b4 Nd4
15. Nxd4 exd4 16. Ne4 Bb3 17. Qb1 Bd5 18. Bf4 Bc6 19. O-O g5 20. Bd2 Bd5 21.
Qb2 Bg7 22. Qxd4 Kb8 23. Qc5 h5 24. h4 Bf8 25. Qc3 Bxe4 26. Bxe4 gxh4 27. Bf4
Bd6 28. Bxd6 Rxd6 29. gxh4 Rg8+ 30. Kh2 f5 31. Bf3 Qe7 32. Kh3 Nd5 33. Bxd5
Rxd5 34. e3 Rg4 35. Qh8+ Rd8 36. Qxh5 Qf6 37. f3 Rgg8 38. Rg1 Qe6 39. Qh7 f4+
40. Kh2 fxe3 41. Qxc7+ Ka8 42. Rg7 Qd5 43. Rf7 Rgf8 44. Kg1 1/2-1/2

[Event "15. Torneo Navalmoral de la Mata"]
[Site "Navalmoral de la Mata ESP"]
[Date "2009.12.08"]
[Round "9.1"]
[White "Fedorchuk, Sergey A"]
[Black "Rusev, Krasimir"]
[Result "1/2-1/2"]
[WhiteElo "2619"]
[BlackElo "2537"]
[PlyCount "21"]
[EventDate "2009.12.04"]
[EventType "swiss"]
[EventRounds "9"]
[EventCountry "ESP"]
[Source "lmi"]
[SourceDate "2009.12.04"]

1. e4 c5 2. Nf3 d6 3. d4 Nf6 4. Nc3 cxd4 5. Nxd4 Nc6 6. Be2 e5 7. Nb3 Be7 8.
O-O O-O 9. Be3 a5 10. a4 Be6 11. Bf3 1/2-1/2

[Event "15. Torneo Navalmoral de la Mata"]
[Site "Navalmoral de la Mata ESP"]
[Date "2009.12.08"]
[Round "9.3"]
[White "Bhat, Vinay S"]
[Black "Berbatov, Kiprian"]
[Result "1-0"]
[WhiteElo "2510"]
[BlackElo "2463"]
[PlyCount "74"]
[EventDate "2009.12.04"]
[EventType "swiss"]
[EventRounds "9"]
[EventCountry "ESP"]
[Source "lmi"]
[SourceDate "2009.12.04"]

1. d4 Nf6 2. c4 g6 3. Nc3 Bg7 4. e4 d6 5. Nf3 O-O 6. Be2 e5 7. Be3 Na6 8. O-O
Qe8 9. Re1 Ng4 10. Bg5 exd4 11. Nxd4 Qe5 12. Nf3 Qc5 13. Bh4 Bxc3 14. bxc3 f5
15. Nd4 Qe5 16. Bxg4 fxg4 17. Bg3 Qf6 18. e5 dxe5 19. Rxe5 h5 20. Re2 b6 21.
Qd2 Kh7 22. Rae1 Rf7 23. Re8 Bb7 24. R8e6 Qg7 25. Bh4 Nc5 26. R6e5 Raf8 27.
Rxc5 bxc5 28. Ne6 Qg8 29. Ng5+ Kg7 30. Bg3 Re8 31. Be5+ Kf8 32. Nxf7 Kxf7 33.
Qh6 Ke7 34. Rd1 Rc8 35. Bg3 Ke8 36. Bh4 Qe6 37. f3 gxf3 1-0

[Event "15. Torneo Navalmoral de la Mata"]
[Site "Navalmoral de la Mata ESP"]
[Date "2009.12.08"]
[Round "9.4"]
[White "Vila Gazquez, Xavier"]
[Black "Burmakin, Vladimir"]
[Result "1/2-1/2"]
[WhiteElo "2452"]
[BlackElo "2602"]
[PlyCount "22"]
[EventDate "2009.12.04"]
[EventType "swiss"]
[EventRounds "9"]
[EventCountry "ESP"]
[Source "lmi"]
[SourceDate "2009.12.04"]

1. e4 c6 2. d4 d5 3. Nd2 dxe4 4. Nxe4 Bf5 5. Ng3 Bg6 6. N1e2 e6 7. Nf4 Bd6 8.
Nxg6 hxg6 9. Ne4 Nf6 10. Ng5 Nbd7 11. g3 Qa5+ 1/2-1/2

[Event "15. Torneo Navalmoral de la Mata"]
[Site "Navalmoral de la Mata ESP"]
[Date "2009.12.08"]
[Round "9.5"]
[White "Georgiev, Vladimir"]
[Black "Suba, Mihai"]
[Result "1/2-1/2"]
[WhiteElo "2582"]
[BlackElo "2471"]
[PlyCount "21"]
[EventDate "2009.12.04"]
[EventType "swiss"]
[EventRounds "9"]
[EventCountry "ESP"]
[Source "lmi"]
[SourceDate "2009.12.04"]

1. Nf3 Nf6 2. c4 c5 3. Nc3 e6 4. g3 b6 5. Bg2 Bb7 6. O-O Be7 7. b3 O-O 8. Bb2
a6 9. d4 cxd4 10. Nxd4 Bxg2 11. Kxg2 1/2-1/2

[Event "15. Torneo Navalmoral de la Mata"]
[Site "Navalmoral de la Mata ESP"]
[Date "2009.12.08"]
[Round "9.6"]
[White "Cabezas Ayala, Ivan"]
[Black "Korneev, Oleg"]
[Result "1/2-1/2"]
[WhiteElo "2354"]
[BlackElo "2571"]
[PlyCount "158"]
[EventDate "2009.12.04"]
[EventType "swiss"]
[EventRounds "9"]
[EventCountry "ESP"]
[Source "lmi"]
[SourceDate "2009.12.04"]

1. e4 c5 2. Nf3 e6 3. d4 cxd4 4. Nxd4 a6 5. Be2 Nf6 6. Nc3 Bb4 7. Qd3 d6 8. Qg3
O-O 9. Bh6 Ne8 10. Bd2 Nc6 11. Nb3 e5 12. O-O Be6 13. a3 Bxc3 14. Bxc3 Nf6 15.
Bd3 Nh5 16. Qe3 Nf4 17. Rfd1 d5 18. exd5 Nxd5 19. Qg3 Nxc3 20. bxc3 Qe7 21. Be4
Rac8 22. Bxc6 Rxc6 23. Qxe5 Qf6 24. Qxf6 gxf6 25. Rd3 Rfc8 26. Nd4 Rxc3 27.
Rxc3 Rxc3 28. Nxe6 fxe6 29. Ra2 b5 30. Kf1 Kf7 31. Ke2 e5 32. Kd2 Rc4 33. Rb2
Rh4 34. h3 Rf4 35. Ke2 Rc4 36. Kd2 Rd4+ 37. Ke2 Ke6 38. Rb3 f5 39. Rg3 Kf6 40.
Rg8 Ra4 41. Rf8+ Kg6 42. Rg8+ Kf6 43. Rf8+ Kg6 44. Rg8+ Kf7 45. Rh8 Kg7 46. Re8
e4 47. Re7+ Kg6 48. Ke3 Rxa3+ 49. Kf4 Rc3 50. Re6+ Kf7 51. Rxa6 Rxc2 52. Kxf5
Rxf2+ 53. Kxe4 Rxg2 54. Kf5 Rg3 55. Ra7+ Kg8 56. h4 Rf3+ 57. Ke6 Rh3 58. Rb7
Rxh4 59. Kf6 Rf4+ 60. Kg5 Rb4 61. Kf5 h5 62. Kg6 Kf8 63. Kxh5 Ke8 64. Kg5 Kd8
65. Kf5 Kc8 66. Rh7 Rd4 67. Ke5 Rd2 68. Rg7 b4 69. Rg3 Rb2 70. Kd4 Kb7 71. Kc4
Ka6 72. Rb3 Rxb3 73. Kxb3 Kb5 74. Kb2 Kc4 75. Kc2 b3+ 76. Kb2 Kb4 77. Kb1 Ka3
78. Ka1 b2+ 79. Kb1 Kb3 1/2-1/2

[Event "15. Torneo Navalmoral de la Mata"]
[Site "Navalmoral de la Mata ESP"]
[Date "2009.12.08"]
[Round "9.7"]
[White "Perez Candelario, Manuel"]
[Black "Adel Lahchaichi, Oussama"]
[Result "1-0"]
[WhiteElo "2521"]
[BlackElo "2279"]
[PlyCount "104"]
[EventDate "2009.12.04"]
[EventType "swiss"]
[EventRounds "9"]
[EventCountry "ESP"]
[Source "lmi"]
[SourceDate "2009.12.04"]

1. e4 c5 2. Nf3 Nc6 3. d4 cxd4 4. Nxd4 Nf6 5. Nc3 e5 6. Ndb5 d6 7. Bg5 a6 8.
Na3 b5 9. Nd5 Be7 10. Bxf6 Bxf6 11. c4 Qa5+ 12. Qd2 Qxd2+ 13. Kxd2 Bg5+ 14. Kd1
O-O 15. cxb5 axb5 16. Nxb5 f5 17. h4 Bd8 18. Nxd6 fxe4 19. Nxe4 Bf5 20. Bc4 Kh8
21. Nec3 Be6 22. Ke1 Nd4 23. Kf1 Nf5 24. Kg1 Nxh4 25. Re1 Bxd5 26. Bxd5 Rb8 27.
Re2 Rb4 28. g3 Nf5 29. Kg2 Nd4 30. a3 Nxe2 31. axb4 Bb6 32. f3 Nd4 33. Be4 h6
34. Nd5 Rb8 35. Rh5 Kg8 36. Rxe5 Kf7 37. Re7+ Kf8 38. Rd7 Bd8 39. Kh3 Ne6 40.
f4 Ke8 41. Ra7 Kf8 42. Kg4 Nd4 43. Rd7 Nc6 44. b5 Nd4 45. b6 Nb3 46. Rd6 Nc5
47. Bf5 Na4 48. b7 Nc5 49. Bc8 Ke8 50. Rg6 Kf8 51. Nb6 Kf7 52. Rc6 Ke7 1-0

[Event "15. Torneo Navalmoral de la Mata"]
[Site "Navalmoral de la Mata ESP"]
[Date "2009.12.08"]
[Round "9.8"]
[White "Lariño Nieto, David"]
[Black "Palencia, Wilson"]
[Result "1-0"]
[WhiteElo "2467"]
[BlackElo "2349"]
[PlyCount "109"]
[EventDate "2009.12.04"]
[EventType "swiss"]
[EventRounds "9"]
[EventCountry "ESP"]
[Source "lmi"]
[SourceDate "2009.12.04"]

1. e4 d6 2. d3 e5 3. f4 Nf6 4. Nf3 Nc6 5. Be2 Bg4 6. c3 Be7 7. Qb3 Rb8 8. Ng5
Rf8 9. Nxh7 Be6 10. Nxf6+ Bxf6 11. Qc2 Rh8 12. f5 Bh4+ 13. Kd1 Bd7 14. Bf3 Bg3
15. h3 b5 16. Nd2 a5 17. Nf1 Bh4 18. g3 Bf6 19. Ne3 Qc8 20. h4 b4 21. Nd5 Bd8
22. h5 Ne7 23. Nxe7 Bxe7 24. h6 g5 25. fxg6 fxg6 26. Qe2 bxc3 27. bxc3 c5 28.
c4 Qd8 29. h7 Bg5 30. Bh5 Ba4+ 31. Ke1 Bxc1 32. Bxg6+ Kd7 33. Qg4+ Kc6 34. Rxc1
Rb2 35. Kf1 Bc2 36. Kg1 Bxd3 37. Rh2 Rxh2 38. Kxh2 Qf8 39. Kg1 Qh6 40. Re1 Bxc4
41. Bf5 Qd2 42. Qd1 Qxa2 43. g4 Rb8 44. Qa1 Qb3 45. Kg2 Qc2+ 46. Kg3 Rb3+ 47.
Kh4 Qb2 48. Kg5 Qd2+ 49. Kg6 Rh3 50. g5 Rg3 51. Qc1 Rxg5+ 52. Kf6 Qxc1 53. Rxc1
Rh5 54. Rxc4 Kb5 55. Rc3 1-0

[Event "15. Torneo Navalmoral de la Mata"]
[Site "Navalmoral de la Mata ESP"]
[Date "2009.12.08"]
[Round "9.9"]
[White "Ivanov, Jordan"]
[Black "Alonso Rosell, Alvar"]
[Result "0-1"]
[WhiteElo "2420"]
[BlackElo "2507"]
[PlyCount "80"]
[EventDate "2009.12.04"]
[EventType "swiss"]
[EventRounds "9"]
[EventCountry "ESP"]
[Source "lmi"]
[SourceDate "2009.12.04"]

1. d4 Nf6 2. c4 e6 3. Nc3 c5 4. d5 exd5 5. cxd5 d6 6. e4 g6 7. h3 Bg7 8. Nf3 a6
9. a4 O-O 10. Bd3 Nh5 11. O-O Nd7 12. Re1 Re8 13. Bg5 Bf6 14. Bh6 Ne5 15. Be2
Nxf3+ 16. Bxf3 Ng7 17. Qd2 Be5 18. Bf4 f6 19. Bg4 Rb8 20. Bxe5 fxe5 21. Qh6 Qf6
22. g3 Bxg4 23. hxg4 Qf3 24. Qg5 Rf8 25. Nd1 Ne8 26. Re3 Qf7 27. Kg2 Nf6 28. f4
h6 29. Qh4 exf4 30. gxf4 Qg7 31. Nc3 g5 32. fxg5 hxg5 33. Qg3 Nd7 34. Qxd6 Rf6
35. Qc7 Rbf8 36. e5 Rf2+ 37. Kg1 Qh8 38. e6 Qd4 39. Rae1 R2f3 40. Nd1 Qxg4+ 0-1

[Event "15. Torneo Navalmoral de la Mata"]
[Site "Navalmoral de la Mata ESP"]
[Date "2009.12.08"]
[Round "9.10"]
[White "Garcia Romero, Benjamin Abel"]
[Black "Khamrakulov, Ibragim S"]
[Result "1-0"]
[WhiteElo "2223"]
[BlackElo "2501"]
[PlyCount "31"]
[EventDate "2009.12.04"]
[EventType "swiss"]
[EventRounds "9"]
[EventCountry "ESP"]
[Source "lmi"]
[SourceDate "2009.12.04"]

1. c4 Nf6 2. Nc3 c5 3. Nf3 Nc6 4. g3 g6 5. Bg2 Bg7 6. O-O O-O 7. d4 cxd4 8.
Nxd4 Qb6 9. Nc2 d6 10. Bf4 Nh5 11. Bd2 Be6 12. b3 Rac8 13. Rb1 a6 14. Nd5 Qd8
15. Bg5 h6 16. Be3 1-0